MDQL
is popping MORE tags! Check the
thread
!
Quizzes
Events
Quiz Creation
Community
Videos
Private Events
Remove Ads
Sign In
Join for FREE
Feedback
Dark Mode
Quiz Categories
Sports
Geography
Music
Movies
Television
Just For Fun
Miscellaneous
History
Literature
Language
Science
Gaming
Entertainment
Religion
Holiday
For Kids
Quiz Lab
Recent
Popular Today
Quiz Kudos Today
Editor Picks
Curator Picks
Quizzes by...
Day
Popularity
Type
Ratings
Length
Year
Community
Subscriptions
Recent Discussions
Orange Saloon
Badges
Playlists
Quests
Create
Leaderboards
Showdown
Live 5
Trivia Bingo
Activity
Puzzle Library
Sporcle Events
Private Events
Virtual Trivia
Globe League
Become a Host
Pub Owners
SporcleCon
Opinionation
Our Games
Videos
Blog
Mobile Apps
Partnerships
Remove Ads and Go Orange
Feedback
Sports
Athletes
MLB
NBA
NHL
NFL
Soccer
Sports Teams
WWE
NCAA
Football
Premier League
Basketball
Baseball
Hockey
Golf
Tennis
Cricket
Rugby
Auto Racing
Olympics
World Cup
Sports
Athletes
MLB
NBA
NHL
NFL
Soccer
Sports Teams
WWE
NCAA
Football
Premier League
Basketball
Baseball
Hockey
Golf
Tennis
Cricket
Rugby
Auto Racing
Olympics
World Cup
Random Quiz
Search Sporcle
×
Curator Pick
Curator Pick
Sports
Soccer
Type in answers that appear in a list
Type in answers that appear in a list
Classic
Best Score? Go Orange.
European Cup/Champions League Winners by Nationality Stats
Can you name the European Cup/Champions League Winners by Nationality?
By
ateweston85
18m
47 Questions
2,450 Plays
2,450 Plays
2,450 Plays
Comments
Comments
Give Quiz Kudos
Give Quiz Kudos
-
- Ratings
hide this ad
More Info
Replay
Link that replays current quiz
Next Quiz
Link to next quiz in quiz playlist
You Got
0%
They Got
Avg Score
35%
Avg Friend Score
Upgrade to see
Score Distribution
Jump to the score distribution portion of the page
Score
0/47
Timer
18:00
1
Play Today
% Correct
Samuel Eto'o
78.7%
Andriy Shevchenko
73.1%
Dwight Yorke
72.2%
Yaya Toure
72.1%
Nemanja Vidic
70%
Harry Kewell
69%
Rafael Marquez
65.8%
Ronny Johnsen and Ole Gunnar Solskjaer
65.5%
Alfredo di Stefano and Hector Rial
63.7%
Milan Baros and Vladimir Smicer
62.6%
Goran Pandev
62.1%
Jari Litmanen
59.6%
George Best
56.1%
Ferenc Puskas
54.3%
Hristo Stoichkov
54.1%
Alex Stepney, Bill Foulkes, David Sadler, Bobby Charlton, Nobby Stiles, Brian Kidd and John Aston
53.2%
Benni McCarthy
51.6%
Finidi George and Nwankwo Kanu
51.1%
Kakha Kaladze
48.4%
Abedi Pele
46.9%
Djimi Traore
46.4%
Juan Alonso, Angel Atienza, Marquitos, Rafael Lesmes, Miguel Munoz, Jose Maria Zarraga, Joseito, Ramon Marsal Ribo and Francisco Gento
38.9%
Bruce Grobbelaar
31.4%
Stephane Chapuisat
30.8%
% Correct
Raymond Kopa
30.3%
Hasan Salihamidzic
29.9%
Zbigniew Boniek
27.7%
Alen Boksic
26.1%
Dmitri Alenichev
24.7%
Giorgio Ghezzi, Mario David, Mario Trebbi, Cesare Maldini, Giovanni Trapattoni, Gianni Rivera, Gino Pivatelli and Bruno Mora
21.7%
Ronnie Simpson, Jim Craig, Billy McNeill, John Clark, Tommy Gemmell, Bobby Murdoch, Bertie Auld, Jimmy Johnstone, Willie Wallace, Stevie Chalmers and Bobby Lennox
17.3%
Rabah Madjer
15.5%
Eric Gerets
13.4%
Joey Jones
12.1%
Massimo Bonini
8.3%
Helmuth Duckadam, Stefan Iovan, Ilie Barbulescu, Adrian Bumbescu, Lucian Balan, Miodrag Belodedici, Marius Lacatus, Mihail Majearu, Victor Piturca, Gavril Balint, Laszlo Boloni, Anghel Iordanescu and Marin Radu
7.8%
Eddy Pieters Graafland, Piet Romeijn, Theo Laseroms, Rinus Israel, Theo van Duivenbode, Wim Jansen, Willem van Hanegem, Henk Wery, Coen Moulijn and Guus Haak
7.5%
Shay Brennan and Tony Dunne
7.4%
Velibor Vasovic
6.7%
Jose Santamaria
6.4%
Karl-Heinz Schnellinger
6.3%
Johnny Hansen
6.1%
Kurt Hamrin
5.7%
Alberto da Costa Pereira, Mario Joao, Germano de Figueiredo, Angelo Martins, Jose Neto, Fernando Cruz, Jose Augusto, Joaquim Santana, Jose Aguas, Mario Coluna and Domiciano Cavem
4.8%
Canario
2.8%
Franz Hasil
2.3%
Victor Benitez
2%
Quiz Playlist
Details
Report
Send in Message
Add To Playlist
More Info:
Name the first player(s) to win the European Cup/Champions League from each nationality
Classic:
Type in answers that appear in a list
Quiz Source
Last Updated: Feb 16, 2017
Curator Pick in
Soccer
Quiz Scoreboard
CHALLENGE
Sign Up to Join the Scoreboard
Show All
Scores
Hide
Comments
May contain spoilers
Recently Published
Street Fighter Characters
by Artimus82
Gaming
60s
9x9 Crossword: Cartoon Network
by jackfrog10
Miscellaneous
3m
College Basketball Coaching Resumes
by pancakes188
Sports
9m
More to Explore
Quiz From the Vault
Featured Blog Post
Where Did the Easter Bunny Come From?
hide this ad
You Might Also Like...
Tags
Football Quiz
Soccer Quiz
Nationality
UEFA
UEFA Champions' League
UEFA Club
UEFA Euro
Today's Top Quizzes in Sports
Browse Sports
hide this ad
Today's Top Quizzes in Soccer
Browse Soccer
Top Contributed Quizzes in Sports
1
2022 World Cup Stars
2
Les meilleurs buteurs des matchs entre le PSG et l’OM
3
FIFA Club World Cup Champions
4
Les entraîneurs de l'OM et du PSG au 21e siècle
5
Criteria MLB: Left Handed Sluggers
6
2023 MLB Unique Player Accomplishments
7
AFC Teams Reveal (Wrong Answers Minefield)
8
5-to-1: FBS Animal Nicknames
9
Players with Multiple 50 Home Run Seasons
10
5-to-1: UK Sports Teams
Explore More
Trending Topics
NBA
Crossword
Anime
Disney
Kpop
Harry Potter
Marvel
Pokémon
The Office
NFL
Soccer
Song
Country
Puzzle
WWE
hide this ad
More By:
ateweston85
Quiz
Plays
Rating
Category
Featured
Created
Premier League Hattricks
8,622
4.86
Sports
Nov 22, 2012
Player and Manager in Premier League
5,752
4.55
Sports
Oct 27, 2012
WhatCulture Top 100 WWE Matches
5,601
4.18
Sports
Nov 4, 2016
Serie A Champions XI
4,820
4.47
Sports
Feb 26, 2013
England Test Cricket Records
4,633
4.78
Sports
Jul 3, 2012
Go to Creator's Profile
Score Distribution
Quiz Creator Spotlight
ateweston85
Follow
Send a Message
Quizzes Created
-
Created Quiz Play Count
-
More By This Creator
Popular Quizzes Today
1
Find the US States - No Outlines Minefield
2
Find the Countries of Europe - No Outlines Minefield
3
The Countries of the World
4
Find the US States
5
Risky Map Clicking: Biggest States A-Z
6
US States
7
Popular People in 1961
8
Movies - When Are They Set?
More Sports Quizzes
Todos os Participantes Liga Portuguesa
Quiz Lab
Trending Quizzes
Risky Map Clicking: Least Populous States A-Z
Countries of the World: 200 Million BC
1-10 Letter G Words
Risky Map Clicking: Next State Alphabetically
Adjectives in 80s TV Shows
Recently Updated
Leaping Animals
pecheneg
Reality TV Shows (A-Z)
bhenderson79
Rickey Henderson's Hall of Fame Teammates
pecheneg
Champions League XIs: Arsenal
pecheneg
Quick Pick: Celebrities in WWE's Hall of Fame
aduchscher
A-Z Keypad Blitz II
pecheneg
Multiple Oscar Actors
pecheneg
Mystery Phrase Blitz: Oscar 'Best Actors'
pecheneg
F. Scott Fitzgerald Novels
LTH
Pick 3 Villains
ddd62291
Trending Topics
Harry Potter
Anime
Kpop
Disney
NBA
Crossword
Marvel
Puzzle
Soccer
NFL
Country
The Office
Song
Pokémon
WWE
Your Account Isn't Verified!
In order to create a playlist on Sporcle, you need to verify the email address you used during registration. Go to your
Sporcle Settings
to finish the process.
Report this User
Report this user for behavior that violates our
Community Guidelines
.
Details:
Send Report
Go to the Sporcle.com Mobile Site →
Comments